[Event "Meltwater Tour Final 2021"]
[Site "chess24.com INT"]
[Date "2021.09.26"]
[Round "2.1"]
[White "Vachier-Lagrave, Maxime"]
[Black "So, Wesley"]
[Result "1-0"]
[WhiteTitle "GM"]
[BlackTitle "GM"]
[WhiteElo "2763"]
[BlackElo "2778"]
[WhiteFideId "623539"]
[BlackFideId "5202213"]
[EventDate "2021.09.25"]

1. Nf3 d5 2. g3 Nf6 3. Bg2 c6 4. O-O Bg4 5. h3 Bh5 6. c4 e6 7. Qb3 Qb6 8. d3
Nbd7 9. Qc2 dxc4 10. Qxc4 Bxf3 11. Bxf3 Ne5 12. Qf4 Nxf3+ 13. Qxf3 Be7 14. Nd2
O-O 15. Nc4 Qd8 16. b4 Qd5 17. e4 Qd8 18. Rb1 Rc8 19. Bd2 b5 20. Na5 Qd7 21.
Rfd1 e5 22. Kg2 Rfd8 23. Bc3 Qe6 24. Nb3 h6 25. Qe3 Rd7 26. Rd2 Nh7 27. h4 Nf6
28. Rbd1 a5 29. Nc5 Bxc5 30. Qxc5 axb4 31. Bxe5 Ng4 32. Bb2 Ra8 33. f3 Nf6 34.
Rc1 Ra6 35. Rcc2 b3 36. axb3 Qxb3 37. Qf5 Qe6 38. g4 Qe7 39. Bxf6 gxf6 40. d4
Qe6 41. Qf4 Kg7 42. Rc5 Ra2 43. Rh5 Rxd2+ 44. Qxd2 Kf8 45. Rxh6 Qc4 46. d5 Ra7
47. Kg3 cxd5 48. exd5 Qc5 49. Rh8+ Ke7 50. Qe1+ Kd7 51. Qe8+ Kd6 52. Qd8+ Ke5
53. Rh5+ Kd4 54. d6 1-0

[Event "Meltwater Tour Final 2021"]
[Site "chess24.com INT"]
[Date "2021.09.26"]
[Round "2.1"]
[White "Mamedyarov, Shakhriyar"]
[Black "Carlsen, Magnus"]
[Result "1-0"]
[WhiteTitle "GM"]
[BlackTitle "GM"]
[WhiteElo "2762"]
[BlackElo "2855"]
[WhiteFideId "13401319"]
[BlackFideId "1503014"]
[EventDate "2021.09.25"]

1. d4 Nf6 2. c4 g6 3. Nc3 Bg7 4. g3 c5 5. dxc5 Qa5 6. Bg2 Qxc5 7. Bd2 Qxc4 8.
Rc1 Na6 9. Nd5 Qxa2 10. Ra1 Qc4 11. Ra4 Qc5 12. Nxf6+ Bxf6 13. Rxa6 bxa6 14.
Bxa8 Bxb2 15. Nf3 O-O 16. O-O d6 17. Bh6 Rd8 18. Be3 Qb4 19. Bd5 e6 20. Qc2 Qc3
21. Qxc3 Bxc3 22. Rc1 Bf6 23. Bc6 a5 24. Bb5 Bd7 25. Bxd7 Rxd7 26. Rc6 d5 27.
Bh6 Rd8 28. Ra6 Bg7 29. Bxg7 Kxg7 30. Rxa7 Kf6 31. Rxa5 Rd7 32. e3 h5 33. Ra8
Rb7 34. Kg2 Rc7 35. h3 Rb7 36. g4 hxg4 37. hxg4 Rc7 38. g5+ Kf5 39. Ra4 e5 40.
Ra6 Rd7 41. Kg3 Ke4 42. Ra8 Re7 43. Rd8 Re6 44. Rd7 f5 45. gxf6 1-0

[Event "Meltwater Tour Final 2021"]
[Site "chess24.com INT"]
[Date "2021.09.26"]
[Round "2.2"]
[White "So, Wesley"]
[Black "Vachier-Lagrave, Maxime"]
[Result "1/2-1/2"]
[WhiteTitle "GM"]
[BlackTitle "GM"]
[WhiteElo "2778"]
[BlackElo "2763"]
[WhiteFideId "5202213"]
[BlackFideId "623539"]
[EventDate "2021.09.25"]

1. c4 e5 2. g3 Nf6 3. Bg2 c6 4. d4 exd4 5. Qxd4 Na6 6. Nf3 Bc5 7. Qe5+ Be7 8.
O-O O-O 9. Nc3 Re8 10. Rd1 Nc7 11. Nd4 d6 12. Qa5 Bf8 13. Bg5 Ne6 14. Qxd8 Rxd8
15. Bxf6 gxf6 16. Ne4 Nxd4 17. Rxd4 Be7 18. Nc3 Be6 19. Rc1 f5 20. b3 Bf6 21.
Rd3 a5 22. e3 Bxc3 23. Rcxc3 a4 24. b4 a3 25. b5 cxb5 26. cxb5 Ra5 27. Bd5 Rd7
28. Rc8+ Kg7 29. Bxe6 fxe6 30. b6 Rb5 31. Rc7 Rxc7 32. bxc7 Rc5 33. Rxd6 Kf6 34.
Rd7 h5 35. Kf1 b5 36. Ke2 b4 37. Kd2 e5 38. Rd6+ Kg5 39. h3 h4 40. gxh4+ Kxh4
41. Rh6+ Kg5 42. Rb6 Rxc7 43. Rxb4 e4 44. Ra4 Kh4 45. Rxa3 Kxh3 46. Ra5 Kg4 47.
a4 Rc4 48. Ke2 Rc2+ 49. Ke1 Ra2 50. Rd5 Rxa4 1/2-1/2

[Event "Meltwater Tour Final 2021"]
[Site "chess24.com INT"]
[Date "2021.09.26"]
[Round "2.2"]
[White "Aronian, Levon"]
[Black "Artemiev, Vladislav"]
[Result "0-1"]
[WhiteTitle "GM"]
[BlackTitle "GM"]
[WhiteElo "2782"]
[BlackElo "2699"]
[WhiteFideId "13300474"]
[BlackFideId "24101605"]
[EventDate "2021.09.25"]

1. e4 c6 2. d4 d5 3. exd5 cxd5 4. Bd3 Nc6 5. c3 Nf6 6. Bf4 Bg4 7. Qb3 Qd7 8. Nd2
e6 9. Ngf3 Bd6 10. Bxd6 Qxd6 11. O-O O-O 12. Rae1 Bxf3 13. Nxf3 Qc7 14. Re3 Rab8
15. Qd1 g6 16. Ng5 Qf4 17. Rg3 e5 18. Nh3 Qh4 19. f4 exd4 20. Ng5 dxc3 21. Rh3
Qg4 22. Qc2 Rbe8 23. Qxc3 Nh5 24. Nxh7 Kxh7 25. Rff3 Kg8 26. Qd2 Re7 27. Qf2
Rfe8 28. Rh4 Re1+ 29. Bf1 Qf5 30. g4 Qb1 31. Kg2 Rxf1 32. Qxf1 Qxf1+ 33. Kxf1
Nxf4 0-1

[Event "Meltwater Tour Final 2021"]
[Site "chess24.com INT"]
[Date "2021.09.26"]
[Round "2.2"]
[White "Carlsen, Magnus"]
[Black "Mamedyarov, Shakhriyar"]
[Result "1-0"]
[WhiteTitle "GM"]
[BlackTitle "GM"]
[WhiteElo "2855"]
[BlackElo "2762"]
[WhiteFideId "1503014"]
[BlackFideId "13401319"]
[EventDate "2021.09.25"]

1. e4 e5 2. Nf3 Nc6 3. Bb5 a6 4. Ba4 Nf6 5. O-O Nxe4 6. d4 b5 7. Bb3 d5 8. dxe5
Be6 9. c3 Bc5 10. Nbd2 O-O 11. Bc2 Nxf2 12. Rxf2 f6 13. Nf1 Bxf2+ 14. Kxf2 fxe5
15. Kg1 Bg4 16. Ne3 Be6 17. b3 Kh8 18. Ba3 Rf4 19. Bc5 d4 20. cxd4 exd4 21. Qd3
Bg8 22. Nf5 Qd5 23. Ba3 Re8 24. Rd1 Rfe4 25. Ng3 Re3 26. Qd2 R3e6 27. Bb2 Rd8
28. Nxd4 Qc5 29. Ne4 Qe7 30. Qe3 Nxd4 31. Rxd4 Rxd4 32. Qxd4 c5 33. Qc3 c4 34.
bxc4 bxc4 35. h3 h6 36. Qxc4 Rb6 37. Qc3 Bxa2 38. Ng3 Bg8 39. Nf5 Qf6 40. Qxf6
gxf6 41. Bd4 Rc6 42. Be4 Re6 43. Bd5 Re8 44. Bc6 Re6 45. Bd7 Re1+ 46. Kf2 Rd1
47. Ke2 Bb3 48. Bxf6+ Kh7 49. Nd4 Kg6 50. Be5 Kf7 51. Be6+ 1-0

[Event "Meltwater Tour Final 2021"]
[Site "chess24.com INT"]
[Date "2021.09.26"]
[Round "2.2"]
[White "Duda, Jan-Krzysztof"]
[Black "Giri, Anish"]
[Result "0-1"]
[WhiteTitle "GM"]
[BlackTitle "GM"]
[WhiteElo "2756"]
[BlackElo "2777"]
[WhiteFideId "1170546"]
[BlackFideId "24116068"]
[EventDate "2021.09.25"]

1. d4 Nf6 2. c4 g6 3. g3 c6 4. Bg2 d5 5. Qa4 Bg7 6. cxd5 Nxd5 7. Nf3 O-O 8. O-O
Nb6 9. Qc2 Na6 10. Rd1 Bg4 11. Nc3 Qc8 12. Bg5 Re8 13. Rac1 c5 14. d5 Nc4 15.
Bf4 Qf5 16. Qb3 Nd6 17. Ng5 c4 18. Qa3 Bxc3 19. bxc3 Bxe2 20. Re1 Bd3 21. Re5
Qd7 22. Nf3 Rac8 23. h4 Nc5 24. Be3 b6 25. Bxc5 Rxc5 26. Rce1 f6 27. Re6 Rxd5
28. Nd4 Rc5 29. Bh3 Nf5 30. Bxf5 Bxf5 31. Nxf5 Rxf5 32. Rxe7 Rxe7 33. Qxe7 Qxe7
34. Rxe7 Ra5 35. Rc7 b5 36. Rc8+ Kf7 37. Rc7+ Ke6 38. Rxh7 Rxa2 39. Rb7 a6 40.
g4 Ra3 41. Kg2 Rxc3 42. Rb6+ Ke5 43. Rxa6 Rd3 44. Rb6 Rd5 45. Kf3 c3 46. Ke2 Kd4
47. Rxf6 b4 48. Rxg6 b3 49. Kd1 Kc4+ 0-1

[Event "Meltwater Tour Final 2021"]
[Site "chess24.com INT"]
[Date "2021.09.26"]
[Round "2.3"]
[White "Mamedyarov, Shakhriyar"]
[Black "Carlsen, Magnus"]
[Result "1-0"]
[WhiteTitle "GM"]
[BlackTitle "GM"]
[WhiteElo "2762"]
[BlackElo "2855"]
[WhiteFideId "13401319"]
[BlackFideId "1503014"]
[EventDate "2021.09.25"]

1. d4 Nf6 2. c4 e6 3. Nf3 d5 4. Nc3 Bb4 5. Bg5 h6 6. Bxf6 Qxf6 7. e3 O-O 8. Rc1
dxc4 9. Bxc4 c5 10. O-O cxd4 11. Ne4 Qe7 12. Nxd4 Bd7 13. Be2 Nc6 14. a3 Ba5 15.
Nb3 Bb6 16. Qd6 Qxd6 17. Nxd6 Rab8 18. Rfd1 Rfd8 19. Nc5 Bxc5 20. Rxc5 Kf8 21.
b4 Ne7 22. e4 Ba4 23. Rd3 Nc6 24. f4 b6 25. Rcc3 e5 26. Bd1 Bxd1 27. Rxc6 Ba4
28. Rc7 exf4 29. Rxf7+ Kg8 30. Rxa7 Bc2 31. Rd2 Bb3 32. Kf2 Ra8 33. Rb7 Rxa3 34.
Rxg7+ Kxg7 35. Nf5+ Kf6 36. Rxd8 Be6 37. Nd4 Bg4 38. h3 Ra2+ 39. Kg1 Bh5 40. Rd5
Bg6 41. Rd6+ Kf7 42. Nf5 Bxf5 43. exf5 b5 44. Rxh6 Rb2 45. Rd6 Rxb4 46. Kf2 Rb3
47. Rd4 f3 48. g3 Kf6 49. Rd5 Kg5 50. Rc5 b4 51. Rb5 Kh5 52. f6+ Kg6 53. Rb6 Kf7
54. h4 Kg6 55. h5+ Kf7 56. g4 1-0

[Event "Meltwater Tour Final 2021"]
[Site "chess24.com INT"]
[Date "2021.09.26"]
[Round "2.3"]
[White "Vachier-Lagrave, Maxime"]
[Black "So, Wesley"]
[Result "1-0"]
[WhiteTitle "GM"]
[BlackTitle "GM"]
[WhiteElo "2763"]
[BlackElo "2778"]
[WhiteFideId "623539"]
[BlackFideId "5202213"]
[EventDate "2021.09.25"]

1. e4 e5 2. Nf3 Nc6 3. Bb5 Nf6 4. O-O Nxe4 5. Re1 Nd6 6. Nxe5 Be7 7. Bf1 Nf5 8.
Nf3 d5 9. d4 O-O 10. a4 Re8 11. Na3 a6 12. c3 Bd6 13. Rxe8+ Qxe8 14. b4 Bd7 15.
Nc2 Nce7 16. Nce1 a5 17. b5 b6 18. Qb3 f6 19. g3 g5 20. Ng2 Qh5 21. c4 g4 22.
Nfh4 Nxd4 23. Qd1 Be5 24. Nf4 Qf7 25. cxd5 Nef5 26. Nxf5 Bxf5 27. Ra3 Nf3+ 28.
Rxf3 gxf3 29. Qxf3 Re8 30. Be3 Kh8 31. Bc4 Bxf4 32. Qxf4 Re4 33. Qxf5 Rxc4 34.
Bh6 Rd4 35. Qc8+ Qg8 36. Qxc7 Rd1+ 37. Kg2 Qxd5+ 38. f3 Qa2+ 39. Kh3 Qe6+ 40. g4
Qd7 41. Qxb6 Qd8 42. Qe6 Rd7 43. b6 Rb7 44. Be3 Kg7 45. Kg3 h5 46. gxh5 Re7 47.
h6+ Kg6 48. Qg4+ Kf7 49. Qh5+ Ke6 50. Qxa5 Qd6+ 51. Bf4 Qd4 52. Qb5 Qg1+ 53. Kh3
Qf2 54. Qd3 Rd7 55. Qe3+ Qxe3 56. Bxe3 1-0

[Event "Meltwater Tour Final 2021"]
[Site "chess24.com INT"]
[Date "2021.09.26"]
[Round "2.3"]
[White "Artemiev, Vladislav"]
[Black "Aronian, Levon"]
[Result "1/2-1/2"]
[WhiteTitle "GM"]
[BlackTitle "GM"]
[WhiteElo "2699"]
[BlackElo "2782"]
[WhiteFideId "24101605"]
[BlackFideId "13300474"]
[EventDate "2021.09.25"]

1. Nf3 d5 2. g3 g6 3. Bg2 Bg7 4. O-O Nf6 5. c4 dxc4 6. Qa4+ Nfd7 7. Qxc4 Nb6 8.
Qc2 Nc6 9. d3 O-O 10. Nc3 a5 11. Be3 a4 12. Rac1 e5 13. Bg5 f6 14. Be3 Be6 15.
Rfd1 Nd5 16. Bc5 Rf7 17. d4 Rd7 18. dxe5 Nxc3 19. bxc3 fxe5 20. Rxd7 Qxd7 21.
Rd1 Qe8 22. Ng5 Bc4 23. Bh3 Kh8 24. Rd7 Qg8 25. a3 Rd8 26. Qxa4 Rxd7 27. Bxd7 h6
28. Nf3 Qd5 29. Be3 Bxe2 30. Bxc6 bxc6 31. Nd2 Kh7 32. Qa7 Qd7 33. Qa4 e4 34.
Qxe4 Bxc3 35. Bd4 Qxd4 36. Qe7+ Kg8 37. Qe8+ Kg7 38. Qe7+ Kg8 39. Qe8+ Kg7 40.
Qe7+ Kg8 1/2-1/2

[Event "Meltwater Tour Final 2021"]
[Site "chess24.com INT"]
[Date "2021.09.26"]
[Round "2.3"]
[White "Giri, Anish"]
[Black "Duda, Jan-Krzysztof"]
[Result "1/2-1/2"]
[WhiteTitle "GM"]
[BlackTitle "GM"]
[WhiteElo "2777"]
[BlackElo "2756"]
[WhiteFideId "24116068"]
[BlackFideId "1170546"]
[EventDate "2021.09.25"]

1. d4 d5 2. c4 c6 3. Nf3 Nf6 4. e3 e6 5. Bd3 b6 6. O-O Bb7 7. Nc3 Nbd7 8. e4
dxe4 9. Nxe4 Be7 10. Nxf6+ Nxf6 11. Qe2 O-O 12. Bf4 c5 13. dxc5 Bxc5 14. Rad1
Qe7 15. Be5 Rfd8 16. h3 h6 17. b3 a5 18. Bc2 Rxd1 19. Rxd1 Rd8 20. Rxd8+ Qxd8
21. Qd2 Qxd2 22. Nxd2 Nd7 23. Bc3 f5 24. Kf1 Kf7 25. f3 h5 26. g4 g6 27. gxh5
gxh5 28. Ke2 h4 29. Nf1 Nf6 30. Bd1 Nh5 31. Be5 Kg6 32. Ne3 Ng3+ 33. Kd2 Bb4+
34. Kd3 Nh1 35. Ke2 Ng3+ 36. Kd3 Nh1 37. Ke2 Bc5 38. Bc7 Kg5 39. Ng2 Nf2 40.
Bd8+ Kh6 41. Nxh4 Nxh3 42. Kf1 Ng5 43. Be2 Bc6 44. a3 a4 45. bxa4 Bxa4 46. Ng2
Nf7 47. Bc7 e5 48. Bd3 f4 49. Ke2 Kg7 50. Be4 Nd6 51. Bd5 Kf6 52. Bd8+ Kg7 53.
Bc7 Kf6 54. Bd8+ Kg7 55. Bc7 1/2-1/2

[Event "Meltwater Tour Final 2021"]
[Site "chess24.com INT"]
[Date "2021.09.26"]
[Round "2.4"]
[White "Duda, Jan-Krzysztof"]
[Black "Giri, Anish"]
[Result "1-0"]
[WhiteTitle "GM"]
[BlackTitle "GM"]
[WhiteElo "2756"]
[BlackElo "2777"]
[WhiteFideId "1170546"]
[BlackFideId "24116068"]
[EventDate "2021.09.25"]

1. d4 Nf6 2. c4 g6 3. g3 c6 4. Bg2 d5 5. Qa4 Nfd7 6. cxd5 Nb6 7. Qb3 cxd5 8. Nc3
Nc6 9. Nf3 Bg7 10. Bf4 O-O 11. Rd1 Bf5 12. Ne5 e6 13. Nxc6 bxc6 14. h4 Qe7 15.
O-O e5 16. Bxe5 Bxe5 17. dxe5 Qxe5 18. Qb4 Rfc8 19. Qc5 Nd7 20. Qa5 Nf6 21. Rd2
h6 22. Rc1 Kg7 23. b3 g5 24. hxg5 hxg5 25. Na4 Rh8 26. Qc3 Qe7 27. Qd4 Rac8 28.
Rc3 Rh5 29. Re3 Qd6 30. Qe5 Qxe5 31. Rxe5 Kg6 32. f3 Bh3 33. g4 Rh4 34. Rc2 d4
35. Rcc5 Nh7 36. Nb2 f6 37. Re7 Bxg2 38. Kxg2 Nf8 39. Rc4 c5 40. Nd3 f5 41.
gxf5+ Kxf5 42. Rxc5+ Rxc5 43. Nxc5 Rh7 44. Re4 Ng6 45. Ne6 d3 46. exd3 Kf6 47.
f4 Nh4+ 48. Kf2 gxf4 49. Nxf4 Nf5 50. Nd5+ Kg5 51. Ra4 Rh3 52. Ke2 Rh2+ 53. Kd1
Rh7 54. Kd2 Nd6 55. Ra5 Rb7 56. Kc3 Kf5 57. a4 Ke6 58. Ne3 Nc8 59. Ra6+ Kd7 60.
Nc4 Ne7 61. Ne5+ Kc7 62. Kc4 Nc8 63. Rc6+ Kd8 64. a5 Rh7 65. b4 Rh1 66. Kb5 Rb1
67. Rc5 Nd6+ 68. Ka6 Ke8 69. Nc6 Rb3 70. d4 Kd7 71. Kxa7 Ne4 72. Ne5+ Kd6 73.
Nc4+ Kd7 74. Rb5 Nc3 75. Rb6 Kc7 76. Ka6 Nd5 77. Rb7+ Kd8 78. Ne5 Kc8 79. Nc6
Nc7+ 80. Kb6 Nd5+ 81. Ka7 Nc7 82. Rb8+ Kd7 83. Kb7 Ne6 84. a6 Rc3 85. d5 Nc5+
86. bxc5 Rb3+ 87. Ka7 Rxb8 88. Kxb8 1-0

[Event "Meltwater Tour Final 2021"]
[Site "chess24.com INT"]
[Date "2021.09.26"]
[Round "2.4"]
[White "Aronian, Levon"]
[Black "Artemiev, Vladislav"]
[Result "1-0"]
[WhiteTitle "GM"]
[BlackTitle "GM"]
[WhiteElo "2782"]
[BlackElo "2699"]
[WhiteFideId "13300474"]
[BlackFideId "24101605"]
[EventDate "2021.09.25"]

1. e4 e5 2. Nf3 Nc6 3. Bc4 d6 4. d4 Nf6 5. dxe5 dxe5 6. Qxd8+ Nxd8 7. Nc3 Bd6 8.
Bg5 c6 9. O-O-O Bc7 10. Bh4 b5 11. Bb3 Nb7 12. Bg3 Nd7 13. Ne2 Nbc5 14. Ned4 f6
15. Nxc6 Nxb3+ 16. axb3 Bb7 17. Ncd4 Rc8 18. Nxb5 Bxe4 19. Rhe1 Bg6 20. Nh4 Bb8
21. Nxg6 hxg6 22. f4 Ke7 23. Nd4 Kf7 24. Nf3 Nc5 25. fxe5 Nxb3+ 26. Kb1 Nc5 27.
b4 Na4 28. Rd7+ Ke6 29. Rxg7 Rc4 30. exf6+ Kxf6 31. Ree7 Rxb4+ 32. Kc1 Rf8 33.
Bxb8 Rbxb8 34. Rxa7 Nc3 35. Rgc7 Rb1+ 36. Kd2 Ne4+ 37. Ke3 Re8 38. Rf7+ Ke6 39.
Kxe4 Kd6+ 40. Kd3 1-0

[Event "Meltwater Tour Final 2021"]
[Site "chess24.com INT"]
[Date "2021.09.26"]
[Round "2.5"]
[White "Carlsen, Magnus"]
[Black "Mamedyarov, Shakhriyar"]
[Result "1-0"]
[WhiteTitle "GM"]
[BlackTitle "GM"]
[WhiteElo "2855"]
[BlackElo "2762"]
[WhiteFideId "1503014"]
[BlackFideId "13401319"]
[EventDate "2021.09.25"]

1. d4 d5 2. c4 e6 3. Nc3 a6 4. cxd5 exd5 5. Bf4 c5 6. dxc5 Nf6 7. Be3 Nc6 8. Nf3
Be6 9. g3 Rc8 10. Bg2 Ng4 11. Bg5 f6 12. Bf4 Bxc5 13. O-O O-O 14. Ne1 g5 15. Bd2
Ba7 16. Nd3 Nge5 17. Nxe5 fxe5 18. Qb3 Na5 19. Qa4 Nc4 20. Be1 e4 21. Qb3 Qb6
22. Qxb6 Bxb6 23. Rd1 Nxb2 24. Rxd5 Rxc3 25. Rxg5+ 1-0

[Event "Meltwater Tour Final 2021"]
[Site "chess24.com INT"]
[Date "2021.09.26"]
[Round "2.6"]
[White "Mamedyarov, Shakhriyar"]
[Black "Carlsen, Magnus"]
[Result "1-0"]
[WhiteTitle "GM"]
[BlackTitle "GM"]
[WhiteElo "2762"]
[BlackElo "2855"]
[WhiteFideId "13401319"]
[BlackFideId "1503014"]
[EventDate "2021.09.25"]

1. e4 c5 2. a3 g6 3. h4 Nf6 4. e5 Nh5 5. Be2 Nf4 6. d4 Nxe2 7. Nxe2 cxd4 8. h5
Bg7 9. f4 gxh5 10. Nxd4 d6 11. e6 Qa5+ 12. Nc3 Bxe6 13. Rxh5 Qb6 14. Be3 Nc6 15.
Rb5 Qc7 16. Nxe6 Bxc3+ 17. bxc3 fxe6 18. Qh5+ Kd7 19. f5 Nd8 20. O-O-O Rf8 21.
Rc5 Qxc5 22. fxe6+ Kc6 23. Bxc5 dxc5 24. Rd7 Kb6 25. Rxe7 Nc6 26. Rf7 Rfe8 27.
Qxh7 Rxe6 28. Rxb7+ Ka6 29. Qd3+ Kxb7 30. Qd7+ Kb6 31. Qxe6 Rh8 32. g4 Rh1+ 33.
Kb2 Rg1 34. Qf5 Na5 35. g5 Nc4+ 36. Ka2 1-0

[Event "Meltwater Tour Final 2021"]
[Site "chess24.com INT"]
[Date "2021.09.27"]
[Round "3.1"]
[White "Carlsen, Magnus"]
[Black "Vachier-Lagrave, Maxime"]
[Result "1-0"]
[WhiteTitle "GM"]
[BlackTitle "GM"]
[WhiteElo "2855"]
[BlackElo "2763"]
[WhiteFideId "1503014"]
[BlackFideId "623539"]
[EventDate "2021.09.25"]

1. e4 c5 2. Nc3 d6 3. Bb5+ Bd7 4. Bxd7+ Qxd7 5. Nf3 Nc6 6. d4 cxd4 7. Nxd4 e6 8.
b3 Be7 9. Bb2 Nf6 10. Qd2 O-O-O 11. O-O-O d5 12. Qe2 Bc5 13. Nxc6 Qxc6 14. exd5
Nxd5 15. Nxd5 Rxd5 16. f3 f6 17. Rxd5 Qxd5 18. Rd1 Qc6 19. a4 Kb8 20. Kb1 e5 21.
Qd3 Be7 22. Qf5 a6 23. h4 h5 24. Rd7 Re8 25. Bxe5+ Ka8 26. Rc7 1-0

[Event "Meltwater Tour Final 2021"]
[Site "chess24.com INT"]
[Date "2021.09.27"]
[Round "3.1"]
[White "So, Wesley"]
[Black "Artemiev, Vladislav"]
[Result "1/2-1/2"]
[WhiteTitle "GM"]
[BlackTitle "GM"]
[WhiteElo "2778"]
[BlackElo "2699"]
[WhiteFideId "5202213"]
[BlackFideId "24101605"]
[EventDate "2021.09.25"]

1. e4 c5 2. Nf3 e6 3. d4 cxd4 4. Nxd4 Nc6 5. Nc3 a6 6. g3 Nxd4 7. Qxd4 b5 8. Bg2
Bb7 9. O-O Ne7 10. Bf4 f6 11. Qd2 Ng6 12. Bd6 Bxd6 13. Qxd6 Qb8 14. Qd4 Bc6 15.
Ne2 O-O 16. Rfd1 Qb7 17. Nc1 Rfd8 18. Nb3 Qc7 19. Qd6 Qxd6 20. Rxd6 Ne5 21. Na5
Rac8 22. Rad1 Kf8 23. f4 Nf7 24. R6d4 Ke7 25. c3 Ba8 26. a4 g5 27. axb5 axb5 28.
Kf2 gxf4 29. gxf4 Rc5 30. Bf3 e5 31. Nb3 Rc4 32. fxe5 fxe5 33. Rxc4 bxc4 34. Nd2
Nd6 35. Ra1 Bc6 36. Ke3 Rg8 37. Nf1 Nb7 38. Ng3 Nd6 39. Be2 Rb8 40. Ra2 Kf6 41.
Bf3 Kg5 42. Ra5 Nf7 43. Bh5 Kf6 44. Bxf7 Kxf7 45. Rxe5 Rxb2 46. Rh5 Kg6 47. Rh3
Rb1 48. Kd4 Rd1+ 49. Ke5 Rd3 50. Rh4 Rxc3 51. Rg4+ Kf7 52. Nf5 Rd3 53. Rg7+ Ke8
54. Nd6+ Kf8 55. Rxh7 c3 56. Nf5 c2 57. Kf6 Kg8 58. Rg7+ Kf8 59. Rh7 Kg8 60.
Rg7+ Kf8 61. Rh7 1/2-1/2

[Event "Meltwater Tour Final 2021"]
[Site "chess24.com INT"]
[Date "2021.09.27"]
[Round "3.1"]
[White "Duda, Jan-Krzysztof"]
[Black "Mamedyarov, Shakhriyar"]
[Result "1-0"]
[WhiteTitle "GM"]
[BlackTitle "GM"]
[WhiteElo "2756"]
[BlackElo "2762"]
[WhiteFideId "1170546"]
[BlackFideId "13401319"]
[EventDate "2021.09.25"]

1. d4 Nf6 2. c4 g6 3. Nc3 d5 4. cxd5 Nxd5 5. Bd2 Nb6 6. e3 Bg7 7. h4 c5 8. dxc5
N6d7 9. Na4 Nc6 10. h5 O-O 11. hxg6 hxg6 12. Qg4 Nf6 13. Qh4 Qd5 14. Nf3 Bg4 15.
Bc3 Rfd8 16. Be2 Qe4 17. b3 Nb4 18. Kf1 Rd5 19. Kg1 Nc2 20. Rf1 Rad8 21. Bc4 Rd1
22. Ng5 Rxf1+ 23. Bxf1 Qf5 24. Nb2 Bh5 25. Bc4 e6 26. e4 Qxc5 27. Nxe6 fxe6 28.
Bxf6 Rd2 29. Bxe6+ Kh7 30. Bxg7 Kxg7 31. Qf4 Qd6 32. Qxd6 Rxd6 33. Bd5 Nb4 34.
Nc4 Rd7 35. f3 1-0

[Event "Meltwater Tour Final 2021"]
[Site "chess24.com INT"]
[Date "2021.09.27"]
[Round "3.1"]
[White "Radjabov, Teimour"]
[Black "Giri, Anish"]
[Result "1-0"]
[WhiteTitle "GM"]
[BlackTitle "GM"]
[WhiteElo "2763"]
[BlackElo "2777"]
[WhiteFideId "13400924"]
[BlackFideId "24116068"]
[EventDate "2021.09.25"]

1. Nf3 d5 2. d4 Nf6 3. c4 e6 4. Nc3 c6 5. b3 Bb4 6. Bd2 O-O 7. e3 Nbd7 8. Bd3
Bd6 9. Qc2 e5 10. cxd5 cxd5 11. Nb5 Bb8 12. dxe5 Nxe5 13. Nxe5 Bxe5 14. Bc3
Bxc3+ 15. Qxc3 Bd7 16. Nd4 Qb6 17. O-O Rac8 18. Qb2 Rc7 19. Rfc1 Rfc8 20. h3 h6
21. Rxc7 Qxc7 22. Ne2 Qb6 23. Rd1 Bb5 24. Bxb5 Qxb5 25. Nd4 Qd7 26. Rc1 a6 27.
Rc2 Ne8 28. Ne2 Rxc2 29. Qxc2 Qc7 30. Qd2 Nf6 31. f3 h5 32. h4 Qe5 33. Nf4 a5
34. Kf2 b6 35. Ne2 g6 36. Qd4 Qxd4 37. Nxd4 Kf8 38. Kg3 Ke7 39. Kf4 Nd7 40. g4
hxg4 41. fxg4 Nf6 42. a3 Nd7 43. h5 gxh5 44. gxh5 Kf6 45. e4 dxe4 46. Kxe4 Kg5
47. Kd5 Kxh5 48. Kc6 Nc5 49. Kxb6 Ne6 50. Ne2 Kg4 51. Kxa5 Kf3 52. Nc3 Ke3 53.
a4 f5 54. Kb6 Kd4 55. Ne2+ Kd5 56. a5 Kd6 57. a6 Nc7 58. a7 Kd7 59. Kb7 1-0

[Event "Meltwater Tour Final 2021"]
[Site "chess24.com INT"]
[Date "2021.09.27"]
[Round "3.2"]
[White "Mamedyarov, Shakhriyar"]
[Black "Duda, Jan-Krzysztof"]
[Result "1-0"]
[WhiteTitle "GM"]
[BlackTitle "GM"]
[WhiteElo "2762"]
[BlackElo "2756"]
[WhiteFideId "13401319"]
[BlackFideId "1170546"]
[EventDate "2021.09.25"]

1. d4 Nf6 2. c4 e6 3. Nf3 d5 4. Nc3 c5 5. cxd5 Nxd5 6. e4 Nxc3 7. bxc3 cxd4 8.
cxd4 Bb4+ 9. Bd2 Bxd2+ 10. Qxd2 O-O 11. Rd1 b6 12. Bd3 Nc6 13. Qb2 Bb7 14. O-O
Qf6 15. Rfe1 Rfd8 16. Bb1 Na5 17. Qe2 Rac8 18. d5 exd5 19. e5 Qe7 20. Bf5 Rc5
21. e6 f6 22. Qd3 g5 23. h4 d4 24. Nxd4 Rcd5 25. Qc3 Nc6 26. Nxc6 Bxc6 27. Rxd5
Bxd5 28. hxg5 fxg5 29. Rd1 h5 30. Rd4 Qf6 31. Qd3 Qe5 32. Be4 Rc8 33. Qe3 Bxe4
34. Rxe4 Qa1+ 35. Kh2 Qf6 36. f4 g4 37. Re5 Qh4+ 38. Kg1 g3 39. Rg5+ Kf8 40.
Rxg3 Qf6 41. Rg5 h4 42. Kh2 Re8 43. Qa3+ Re7 44. Rg4 Qxe6 45. Rxh4 Qe4 46. Rh8+
Kg7 47. Qc3+ Kf7 48. Qb3+ Re6 49. Rh4 a5 50. Qh3 Ke7 51. Qg4 Rg6 52. Rh7+ Kd6
53. Qd7+ Kc5 54. Rh5+ Kb4 55. Qd2+ Kc4 56. Qc1+ Kd3 57. Qb1+ Kd4 58. Qb2+ Kd3
59. Rh3+ Kc4 60. Qb3+ Kc5 61. Rc3+ Kd6 62. Qxb6+ 1-0

[Event "Meltwater Tour Final 2021"]
[Site "chess24.com INT"]
[Date "2021.09.27"]
[Round "3.2"]
[White "Giri, Anish"]
[Black "Radjabov, Teimour"]
[Result "1/2-1/2"]
[WhiteTitle "GM"]
[BlackTitle "GM"]
[WhiteElo "2777"]
[BlackElo "2763"]
[WhiteFideId "24116068"]
[BlackFideId "13400924"]
[EventDate "2021.09.25"]

1. e4 e5 2. Nf3 Nc6 3. Bb5 Nf6 4. d3 d6 5. O-O Bd7 6. Re1 Be7 7. c3 O-O 8. Nbd2
h6 9. Nf1 Nh7 10. Ng3 Ng5 11. Nd2 Ne6 12. Nf5 Bg5 13. Ne3 a6 14. Ba4 Ne7 15. Bc2
Bxe3 16. fxe3 Ng6 17. Nf1 Ne7 18. Ng3 g6 19. Rf1 Ng7 20. Bd2 h5 21. h3 Kh7 22.
Be1 Ng8 23. Qe2 Qe7 24. Rd1 Nh6 25. d4 Rae8 26. c4 Qg5 27. dxe5 Rxe5 28. Qf3 Bc6
29. Bc3 h4 30. Ne2 Nhf5 31. Bd4 Ree8 32. Qf4 Qxf4 33. Rxf4 Nxd4 34. Rxh4+ Kg8
35. Nxd4 Bd7 36. Nf3 Bc6 37. b4 Nh5 38. Nd4 Bd7 39. Nf3 Bc8 40. c5 dxc5 41. bxc5
Nf6 42. Rf4 Nd7 43. Rd5 Kg7 44. c6 bxc6 45. Ra5 f6 46. Bd3 Ne5 47. Nxe5 Rxe5 48.
Ra3 a5 49. Rc3 Rd8 50. Rf2 c5 51. Rb2 Rd6 52. Kf2 Be6 53. Bc4 Rxe4 54. Bxe6
Rdxe6 55. Rxc5 Rxe3 56. Rxa5 Rc3 57. a4 Re4 58. Ra2 Rec4 59. Rd5 Rc2+ 60. Rxc2
Rxc2+ 61. Kf3 g5 62. a5 Kg6 63. g4 Rc3+ 64. Kg2 Rc2+ 65. Kf3 Rc3+ 66. Kg2 Rc2+
67. Kf3 Rc3+ 1/2-1/2